Firmy na umelú inteligenciu nie sú pripravené

Podľa najnovšieho prieskumu z roku 2025 nie sú firmy schopné držať krok s novými hrozbami - nielen technologicky, ale ani strategicky. Z prieskumu vyplýva, že až 90 percent spoločností nemá dostatočnú úroveň kybernetickej bezpečnosti. Článok ponúka štyri kľúčové odporúčania pre, firmy, ktoré chcú zv...

Descripción completa

Guardado en:
Detalles Bibliográficos
Formato: Capítulo de libro
Lenguaje:eslovaco
Materias:
Etiquetas: Agregar Etiqueta
Sin Etiquetas, Sea el primero en etiquetar este registro!

MARC

LEADER 00000naa a2200000 4500
001 0312077
005 20250904142219.9
041 0 |a slo 
044 |a SK 
245 1 0 |a Firmy na umelú inteligenciu nie sú pripravené 
520 |a Podľa najnovšieho prieskumu z roku 2025 nie sú firmy schopné držať krok s novými hrozbami - nielen technologicky, ale ani strategicky. Z prieskumu vyplýva, že až 90 percent spoločností nemá dostatočnú úroveň kybernetickej bezpečnosti. Článok ponúka štyri kľúčové odporúčania pre, firmy, ktoré chcú zvýšiť svoju odolnosť. 
610 2 0 |a inteligencia umelá 
610 2 0 |a bezpečnosť kybernetická 
610 2 0 |a útoky kybernetické 
610 2 0 |a plánovanie strategické 
610 2 0 |a opatrenia 
610 2 0 |a firmy